|
|
|
|
| LEADER |
00000nam a2200000 a 4500 |
| 001 |
vtls001306321 |
| 003 |
SK-MaSNL |
| 005 |
20260302070121.0 |
| 008 |
240314s1960 xx 0 und |
| 035 |
|
|
|a SNK000258571
|
| 040 |
|
|
|a SNK
|b slo
|c SNK
|e AACR2
|
| 100 |
1 |
|
|a Čechov, Anton Pavlovič,
|d 1860-1904
|4 aut
|9 98221
|
| 245 |
1 |
0 |
|a Višňový sad
|b Komédia v 4. dejstvách
|
| 260 |
|
|
|a Bratislava
|b Diliza
|c 1960
|
| 300 |
|
|
|a 64 s.
|
| 999 |
|
|
|c 1145607
|d 1147537
|
| 952 |
|
|
|a SNK
|b SNK
|y PREZ
|7 0
|p 17A0742086
|o snkSB 7055
|0 0
|1 0
|4 0
|d 2011-11-04
|l 0
|r 2026-02-24 19:47:36
|w 2026-02-24
|
| 952 |
|
|
|t P60, <05>, [BOOK], {605}
|a SNK
|b SNK
|y PREZ
|7 0
|p 17A0102679
|o snkSB 7055 D1
|0 0
|1 0
|4 0
|d 1997-10-13
|l 0
|r 2005-01-02 00:00:00
|w 2026-02-24
|